Journal of Labor and Society.

محفوظ في:

التنسيق: دورية

اللغة: Undetermined

الموضوعات:

الوصول للمادة أونلاين: Login to view Source

الوسوم: إضافة وسم

لا توجد وسوم, كن أول من يضع وسما على هذه التسجيلة!

رقم الطلب:

LEADER 00525nms a2200181Ia 4500
005 20240402054226.0
008 240131s9999||||xx |||||||||||||||||und||
999 |c 56461  |d 56461 
022 |a 2471-4607 
022 |a 2667-3657 
245 0 0 |a Journal of Labor and Society. 
336 |2 rdacontent  |a text  |b txt 
337 |2 rdamedia  |a unmediated  |b n 
338 |2 rdacarrier  |a volume  |b n 
500 |a BRILLBRILLJ 
650 4 |a Sociology: work and labour. 
856 |z JLSO  |u https://brill.com/view/journals/jlso/jlso-overview.xml 
942 |2 lcc  |c EJL